Statistiques concernant Chanteuses et leurs pseudonymes

Cliquez ici pour prendre le quiz!

Statistiques générales

  • Ce quiz a été pris 166 fois
  • Le résultat moyen est 12 sur 29

Statistiques - réponses

Véritable nomPseudonyme% Correct
Isabelle GallFrance Gall
80%
Isabelle Marie Anne de Truchis de VarenneZazie
68%
Yolanda GigliottiDalida
67%
Olivia BlancOlivia Ruiz
65%
Wanda Riviero Furtado Tavares De VasconcelosLio
64%
Line EntéLine Renaud
62%
Laure PesterLorie
62%
Léonia CooremanAnnie Cordy
61%
Chantal De GuerreChantal Goya
61%
Annie ChancelSheila
61%
Lara CrockaertLara Fabian
48%
Hélène RizzoHélène Segara
44%
Monique SerfBarbara
43%
Frédérique HoschedéDorothée
43%
Rika GossmanRika Zaraï
43%
Nicole GrisoniNicoletta
42%
Claudine LuypaertsMaurane
35%
Isabelle MorizetKaren Cheryl
34%
Norma Jeane MortensenMarylin Monroe
33%
Edithy Giovanna GassionEdith Piaf
31%
Marie Hélène GauthierMylène Farmer
27%
Catherine BodetCatherine Lara
20%
Fabienne DemalAxelle Red
14%
Thérèse CoquerelleIsabelle Aubret
11%
Jeanne BourgeoisMistinguett
9%
Patricia PorasseGuesch Patti
7%
Sabrina OconPauline Ester
7%
Jeanne Paule Marie DeckersSoeur Sourire
7%
Annie GautratStone (et Charden)
4%

Distribution des résultats

Percentile par nombre de réponses

% des personnes avec chaque résultat

Votre développement - résultats

Vous n’avez pas pris ce quiz